|
|
|
|
| LEADER |
00000nam a2200000 a 4500 |
| 001 |
vtls001057734 |
| 003 |
SK-MaSNL |
| 005 |
20260302063612.0 |
| 008 |
251124s1959 xr 0 cze |
| 035 |
|
|
|a SNK000000539
|
| 040 |
|
|
|a SNK
|b slo
|c SNK
|e AACR2
|
| 041 |
0 |
|
|a cze
|
| 044 |
|
|
|a CZ
|
| 080 |
|
|
|a 802.0
|2 1981
|
| 100 |
1 |
|
|a Beckmann, Petr
|4 aut
|9 513569
|
| 245 |
1 |
0 |
|a Technická angličtina pro částečně pokročilé
|b [Určeno] pro kursy techn. angličtiny i pro samouky
|c [Autor:] Petr Beckmann
|
| 250 |
|
|
|a 4. vyd., v SNTL 2. vyd.
|
| 260 |
|
|
|a Praha
|b Státní nakladatelství technické literatury
|c 1959
|
| 300 |
|
|
|a 290, [2] s.
|c 8°
|
| 490 |
0 |
|
|a Řada theoretické literatury
|
| 650 |
0 |
7 |
|a angličtina
|x príručky
|2 SNK
|9 513570
|
| 958 |
|
|
|a RK
|
| 999 |
|
|
|c 1133113
|d 1135043
|
| 952 |
|
|
|a SNK
|b SNK
|y VYP
|7 0
|p 17A1149042
|o snkID 23241
|i snkKIP 3091/59
|0 0
|1 0
|4 0
|d 1995-02-22
|l 0
|r 2004-12-31 00:00:00
|w 2026-02-24
|
| 952 |
|
|
|t P60, <04>, [BOOK], {604}
|a SNK
|b SNK
|y VYP
|7 0
|o snkID 23241 D1
|0 0
|1 0
|4 0
|d 1995-02-22
|l 0
|r 2004-12-31 00:00:00
|w 2026-02-24
|